000 00459cam a2200145 4500500
005 20260426010552.0
041 _afre
042 _adc
100 1 0 _aB., M.
_eauthor
245 0 0 _aÉditorial
260 _c2005.
500 _a21
786 0 _nÉtudes théologiques et religieuses | 80 | 4 | 2005-12-01 | p. 467-467 | 0014-2239
856 4 1 _uhttps://shs.cairn.info/revue-etudes-theologiques-et-religieuses-2005-4-page-467?lang=fr&redirect-ssocas=7080
999 _c2222534
_d2222534